[Event "Steinfurt Bezirksklasse 1112"]
[Site "Germany"]
[Date "2011.12.17"]
[Round "4.4"]
[White "Huewe, Dirk"]
[Black "Von Gorissen, Rolf Ruediger"]
[Result "1/2-1/2"]
[WhiteElo "1423"]
[BlackElo "1366"]
[PlyCount "55"]
[EventDate "2011.09.24"]
[EventType "team-tourn"]
[EventRounds "9"]
[EventCountry "GER"]
[SourceTitle "EXT 2013"]
[Source "ChessBase"]
[SourceDate "2012.11.22"]
[SourceVersion "1"]
[SourceVersionDate "2012.11.22"]
[SourceQuality "1"]
[WhiteTeam "Neuenkirchen III"]
[BlackTeam "Steinfurt IV"]
[WhiteTeamCountry "GER"]
[BlackTeamCountry "GER"]

1. d4 e6 2. c4 d5 3. Nc3 Nf6 4. e3 Bb4 5. Bd2 0-0 6. Nf3 Nbd7 7. a3 Be7 8. c5 c6 9. Bd3 Re8 10. Qc2 Nf8 11. 0-0 N6d7 12. b4 f5 13. a4 Nf6 14. b5 Bd7 15. Ne5 Ne4 16. Rfb1 Nxd2 17. Qxd2 Rb8 18. b6 a6 19. Qe2 Ra8 20. Na2 a5 21. Nc1 Bf6 22. Nxd7 Qxd7 23. Nb3 e5 24. Qb2 exd4 25. Nxd4 Bxd4 26. exd4 g6 27. Re1 Ne6 28. Bc2 1/2-1/2